U.S. History by Letter- S - Statistics

General Stats
  • This quiz has been taken 359 times
    355 since last reset
  • The average score is 10 of 20
Answer Stats
Hint Answer % Correct
Puritan witch trial town Salem
95%
Utah Mormon destination Salt Lake City
91%
Explorer & leader of Jamestown colony John Smith
80%
Founder of Mormon Church Joseph Smith
80%
Lewis & Clark's Shoshone guide Sacajawea
76%
Author of Uncle Tom's Cabin Harriet Beecher Stowe
66%
Civil War general known for "scorched earth" tactics William T. Sherman
64%
Mail-order company founded in 1886 {Sears} & Roebuck
61%
Lakota leader present at Little Bighorn Sitting Bull
58%
Tenant farmer who gives crop as rent Sharecropper
57%
Charles Lindbergh's plane Spirit of St. Louis
48%
Unpopular act of Parliament, 1756 Stamp Act
45%
His book The Jungle exposed the meat packing industry Upton Sinclair
44%
1854 Supreme Court case that stated a Negro couldn't be a citizen Dred Scott
42%
Turning point of Revolution Saratoga
40%
First American in space Alan Shepard
25%
Early Civil War battle in west Tennessee Shiloh
25%
Alternate name of Quakers Society of Friends
15%
Created a Cherokee syllabary Sequoyah
9%
Preacher and baseball player Billy Sunday
4%
No matching quizzes found
Score Distribution
Percent of People with Each Score
Percentile by Number Answered
Your Score History
You have not taken this quiz since the last reset